| 000 | 00919cab a2200313 4500 | ||
|---|---|---|---|
| 001 | ABS53477 | ||
| 008 | 090401t1995 xxu||||| |||| 00| 0 eng d | ||
| 035 | _a(Sirsi) u4544 | ||
| 041 | _aeng | ||
| 100 | _aWeston, J. | ||
| 245 | _aPlanning and contaminated land | ||
| 260 | _c1995 | ||
| 350 | _a0 | ||
| 490 |
_aLand Contamination and Reclamation _v3(3) 1995, 161-165(6) |
||
| 520 | _aDespite new proposals under the Environment Bill 1995, the question of liability for contaminated land is still unresolved. | ||
| 650 | _aCONTAMINATED LAND | ||
| 650 | _aDEVELOPMENT CONTROL | ||
| 650 | _aDEVELOPMENT PLANS | ||
| 650 | _aENVIRONMENT BILL | ||
| 650 | _aLIABILITY | ||
| 650 | _aPLANNING PERMISSION | ||
| 650 | _aPLANNING POLICY GUIDANCE NOTE 23 | ||
| 650 | _aPLANNING POLICY | ||
| 650 | _aPPG23 | ||
| 690 | _aPLANNING LAW AND PRACTICE | ||
| 700 | _aSmith, R. | ||
| 942 | _n0 | ||
| 948 | _c04/03/1997 | ||
| 999 |
_c2743 _d2743 |
||